Responses for Show #7733 - Wednesday, April 4, 2018

Contestants

[<< previous game]

Michael Boss, a physicist from Broomfield, Colorado

Lydia DiSabatino, a data analyst from Chicago, Illinois

Jack Dickey, a journalist from New York, New York (whose 1-day cash winnings total $30,401)

[next game >>]

Jeopardy! Round responses

HOTELS & MOTELS
VIRGINIA GOVERNORS
BIG 12 SCHOOLS
THE FICTION SECTION
BETTING AT THE TRACK
THE POSTMAN'S 4-LETTER WORDS
(Alex: Each response will combine two state postal abbreviations.)
    $200 22
Route 66

Michael
    $200 6
Thomas Jefferson

Jack
    $200 1
Kansas

Michael
    $200 11
Little Prince

Michael
    $200 12
a daily double

Jack
    $200 17
(Alex: Arkansas and Iowa are the two states.)

an aria

Jack
    $400 23
Star Wars

Michael
    $400 7
Terry McAuliffe

Jack
    $400 2
Baylor

Jack
    $400 13
Pet Sematary

Lydia
    $400 27
show

Michael
    $400 18
(Alex: Pennsylvania and Nebraska.)

a pane

Lydia
    $600 24
a prison

Jack
    $600 8
George Allen

Jack
    $600 3
Texas Tech

Jack
    $600 14
Joseph Conrad

Triple Stumper
    $600 28
a long shot

Jack
    $600 19
(Alex: Louisiana and Virginia.)

lava

Michael
    $800 25
(Lydia: What is Nevada?)

New Mexico

LydiaMichael
    $2,000 9
Patrick Henry

Jack
    $800 4
(Lydia: What is Iowa?)

Iowa State

LydiaMichael
    $800 15
Lust for Life

Triple Stumper
    $800 29
scratched

Michael
    $800 20
(Alex: Georgia and Maine.)

game

Jack
    $1000 26
Vietnam

Michael
    $1000 10
(Michael: Who is Harrison?)

Henry Lee

Michael
Triple Stumper
    $1000 5
West Virginia

Jack
    $1000 16
Thornton Wilder

Triple Stumper
    $1000 30
pari-mutuel

Jack
    $1000 21
(Alex: What is [*]? Colorado and Alabama.)

coal

Triple Stumper

Scores at the first commercial break (after clue 15):

Jack Lydia Michael
$5,400 -$400 $200

Scores at the end of the Jeopardy! Round:

Jack Lydia Michael
$8,600 -$800 $4,400

Double Jeopardy! Round responses

STOLEN ART RECOVERED
ENTREPRENEURS
ON TV
BRIDGES
A "NIP" BEFORE BED
IT'S MEDICINAL
    $400 16
Munich

Michael
    $400 11
(Martha) Stewart

Lydia
    $400 1
Westworld

Michael
    $400 26
the Bastille

Lydia
    $400 6
catnip

Lydia
    $400 21
Alzheimer's

Lydia
    $800 17
a salt cellar

Triple Stumper
    $800 12
(Jeff) Bezos

Lydia
    $800 2
Irwin

Lydia
    $800 27
the Suez Canal

Michael
    $800 7
manipulate

Michael
    $800 22
aloe vera

Lydia
    $1200 18
(Michael: What is Amsterdam?)

Oslo

JackMichael
    $3,000 13
(Lydia: What is Hong Kong?)

Macau

Lydia
    $1200 3
Tig Notaro

Jack
    $1200 28
(Michael: What is Verrazano?

Queens

JackMichael
    $1200 8
a parsnip and a turnip

Lydia
    $1200 23
Bayer aspirin

Triple Stumper
    $1600 19
Judas

Lydia
    $1600 14
Dave Thomas

Jack
    $1600 4
(Martin) Freeman

Lydia
    $1600 29
Scotland

Michael
    $1600 9
a snippet

Lydia
    $1600 24
(Jack: What is Social Security?)

medical marijuana

Jack
Triple Stumper
    $2000 20
(Jack: Who is Mondrian?)
(Michael: Who is Richter?)

Willem de Kooning

JackMichael
Triple Stumper
    $2000 15
brushes

Jack
    $2000 5
Peaky Blinders

Lydia
    $4,000 30
(Michael: What is the Nile?)

the Zambezi

Michael
    $2000 10
plenipotentiary

Jack
    $2000 25
muscular dystrophy

Michael

Scores at the end of the Double Jeopardy! Round:

Jack Lydia Michael
$14,200 $8,200 $2,000

[wagering suggestions for these scores]

Final Jeopardy! Round responses

19th CENTURY CLASSICAL MUSICIANS
MichaelWho is Chopin?
$1,998
LydiaWho is Chopin?
$8,199
JackWho is Chopin?
$2,201
Frederic Chopin

Final scores:

Jack Lydia Michael
$16,401 $16,399 $3,998
2-day champion: $46,802 2nd place: $2,000 3rd place: $1,000

Game dynamics:

Coryat scores:

Jack Lydia Michael
$13,000 $11,200 $6,000
19 R
(including 1 DD),
2 W
14 R,
3 W
(including 1 DD)
16 R,
5 W
(including 1 DD)

Combined Coryat: $30,200

[game clues] [game scores] [suggest correction]

Game tape date: 2018-01-18
The J! Archive is created by fans, for fans. Scraping, republication, monetization, and malicious use prohibited; this site may use cookies and collect identifying information. See terms. The Jeopardy! game show and all elements thereof, including but not limited to copyright and trademark thereto, are the property of Jeopardy Productions, Inc. and are protected under law. This website is not affiliated with, sponsored by, or operated by Jeopardy Productions, Inc. Join the discussion at JBoard.tv.